000 01156cam a2200313 a 4500
999 _c41819
_d41819
001 13596700
003 OSt
005 20221115101726.0
008 040518s2004 njua b 001 0 eng
010 _a 2004274094
020 _a9788131712894
020 _a0131828274
040 _aDLC
_cDLC
050 0 0 _aQA76.76.O63
_bD46 2004
082 0 4 _a005.43
_220
_bDEI/O
100 1 _aDeitel, Harvey M.,
_d1945-
_99307
245 1 0 _aOperating systems /
_c[Harvey M. Deitel, Paul J. Deitel, David R. Choffnes].
250 _a3rd ed.
260 _aUpper Saddle River, NJ :
_bPearson/Prentice Hall,
_cc2004.
300 _alix, 1209 p. :
_bill. ;
_c24 cm.
504 _aIncludes bibliographical references (p. 1123-1137) and index.
650 0 _aOperating systems (Computers)
700 1 _aDeitel, Paul J.
700 1 _aChoffnes, David R.
700 1 _aDeitel, Harvey M.,
_d1945-
_tIntroduction to operating systems.
906 _a0
_bibc
_corigcop
_d2
_encip
_f20
_gy-gencatlg
942 _2ddc
_cBK
_eDEI/O
_h005.43
_iDEI/O
_k005.43